000 00751nam a2200253Ia 4500
003 OSt
005 20220927111353.0
006 a|||||r|||| 00| 0
007 ta
008 220926b |||||||| |||| 00| 0 eng d
024 _a104551
037 _cReports
040 _aRTL
_cRTL
_beng
041 _2eng
_aeng
082 _a"z.245.N95- -N90t5, N0"
110 _a"Himachal Pradesh, Planning (Deptt)"
_9381957
245 0 _aDraft eithth five year plan 1990-95 and annual pla
260 _aShimla
_bGovt Press India
_c1990
300 _a671p.
_ccm.
650 _aGeneralia
700 _a"Himachal Pradesh, Planning (Deptt)"
_9381958
942 _h"z.245.N95- -N90t5, N0"
_cCC
999 _c699034
_d699034